000 00368nam a2200145Ia 4500
008 230917s9999||||xx |||||||||||||| ||und||
040 _e114101
_aMAIN
041 _aEnglish
082 _a658.8 C998I
100 _aCzinkota, Michael
245 0 _aInternational marketing
260 _aNew Delhi
_bThomson South Western
_c2007
300 _axxx,1-23p p.
942 _cBK
999 _c139533
_d139533